000 00642nam a2200241Ia 4500
003 OSt
005 20220918212058.0
006 a|||||r|||| 00| 0
007 ta
008 220917b |||||||| |||| 00| 0 eng d
024 _a127,131
037 _cTextual
040 _aARTS
_cARTS
_beng
041 _2eng
_aeng
082 _aX.41, L8
100 _aBennett Gordon Ed
_9122374
245 0 _aChina 's finance and trade
_b A policy reader
260 _aLondon
_bMacmillan Press
_c1978
300 _axiii, 250p.
_ccm.
650 _aECONOMICS
942 _hX.41, L8
_cTEXL
_2CC
999 _c250273
_d250273